An elementary treatise on coordinate geometry of three dimensions / (Record no. 50678)
[ view plain ]
| 000 -LEADER | |
|---|---|
| fixed length control field | 00680nam a2200229 a 4500 |
| 001 - CONTROL NUMBER | |
| control field | 50678 |
| 003 - CONTROL NUMBER IDENTIFIER | |
| rucl marc code | BD-RjUL |
| 005 - DATE AND TIME OF LATEST TRANSACTION | |
| control field | 20211209075539.0 |
| 008 - FIXED-LENGTH DATA ELEMENTS--GENERAL INFORMATION | |
| fixed length control field | 160828m19601944enka 001 0 eng |
| 035 ## - SYSTEM CONTROL NUMBER | |
| System control number | (BD-RjUL)50798 |
| 040 ## - CATALOGING SOURCE | |
| Original cataloging agency | DLC |
| Transcribing agency | CarP |
| Modifying agency | DLC |
| -- | BD-RjUL |
| Language of cataloging | eng |
| 041 ## - LANGUAGE CODE | |
| Language code of text/sound track or separate title | eng |
| 082 ## - DEWEY DECIMAL CLASSIFICATION NUMBER | |
| Edition number | 23 |
| Classification number | 513.3 |
| Author mark and year | BEE 1972 |
| 100 1# - MAIN ENTRY--PERSONAL NAME | |
| Personal name | Bell, Robert J. T. |
| 9 (RLIN) | 151738 |
| 245 13 - TITLE STATEMENT | |
| Title | An elementary treatise on coordinate geometry of three dimensions / |
| Statement of responsibility, etc. | Robert J.T. Bell |
| 250 ## - EDITION STATEMENT | |
| Edition statement | 3d ed. |
| 260 ## - PUBLICATION, DISTRIBUTION, ETC. (IMPRINT) | |
| Place of publication, distribution, etc. | London, |
| Name of publisher, distributor, etc. | Macmillan; |
| Date of publication, distribution, etc. | 1944, [Reprint 1972] |
| 300 ## - PHYSICAL DESCRIPTION | |
| Pagination | xviii, 377 p. : |
| Illustrations | ill ; |
| Size | 22 cm. |
| 500 ## - GENERAL NOTE | |
| General note | index |
| 650 #0 - SUBJECT ADDED ENTRY--TOPICAL TERM | |
| Topical term or geographic name as entry element | Geometry, Analytic |
| General subdivision | Solid. |
| 9 (RLIN) | 151739 |
| 942 ## - ADDED ENTRY ELEMENTS (KOHA) | |
| Source of classification or shelving scheme | Dewey Decimal Classification |
| Koha item type | Books |
| Lost status | Source of classification or shelving scheme | Damaged status | Not for loan | Collection code | Permanent Location | Current Location | Shelving location | Date acquired | Source of acquisition | Cost, normal purchase price | Total Checkouts | Full call number | Date last seen | Date checked out | Copy number | Koha item type |
|---|---|---|---|---|---|---|---|---|---|---|---|---|---|---|---|---|
| Dewey Decimal Classification | Non-fiction | Central Library, University of Rajshahi | Central Library, University of Rajshahi | 09/03/1963 | Zeithinger | 24.00 | 3 | 513.3 BEE 1960 | 03/12/2025 | 11/11/2025 | C-2 | Books | ||||
| Dewey Decimal Classification | Non-fiction | Central Library, University of Rajshahi | Central Library, University of Rajshahi | 09/03/1963 | Zeithinger | 24.00 | 513.3 BEE 1960 | 28/08/2016 | C-3 | Books | ||||||
| Dewey Decimal Classification | Non-fiction | Central Library, University of Rajshahi | Central Library, University of Rajshahi | 09/03/1963 | Zeithinger | 24.00 | 513.3 BEE 1960 | 28/08/2016 | C-4 | Books | ||||||
| Dewey Decimal Classification | Non-fiction | Central Library, University of Rajshahi | Central Library, University of Rajshahi | 29/06/1974 | Alighor library, | 19.50 | 513.3 BEE 1972 | 29/08/2016 | C-5 | Books | ||||||
| Dewey Decimal Classification | Non-fiction | Central Library, University of Rajshahi | Central Library, University of Rajshahi | 29/06/1974 | Alighor library, | 19.50 | 513.3 BEE 1972 | 29/08/2016 | C-6 | Books | ||||||
| Dewey Decimal Classification | Non-fiction | Central Library, University of Rajshahi | Central Library, University of Rajshahi | 11/09/1986 | Asin Foundation | 14 | 513.3 BEE 1972 | 21/11/2017 | 07/11/2017 | C-7 | Books | |||||
| Dewey Decimal Classification | Non-fiction | Central Library, University of Rajshahi | Central Library, University of Rajshahi | 22/06/1976 | Alighor library Rajshi | 40.00 | 513.3 BEE 1972 | 30/08/2016 | C-8 | Books | ||||||
| Dewey Decimal Classification | Not For Loan | Non-fiction | Central Library, University of Rajshahi | Central Library, University of Rajshahi | Reading Room | 29/06/1974 | Aligorh library, Rajshahi | 19.50 | 513.3 BEE 1972 | 23/04/2017 | C-1 | Books |